000 00502nam a2200169 i 4500
001 84279
003 ES-MaACL
005 20230906175003.0
007 t|
008 041122s1955 sp ||||1| spa d
100 1 _aYriarte y Oliva, José de.
_9160283
245 1 0 _aCatálogo de los reales de a ocho españoles /
_cpor José de Yriarte.
260 _aMadrid :
_bTecnos,
_c[1955]
300 _a207 p., 8 lám. ;
_c26 cm.
650 4 _aDuro-
_vCatálogos.
_9160284
852 _aES-MaACL
_jC-8596
_bR.38111
999 _c84279
_d84279